000
00238nam a22000857a 4500
008
160630b xxu||||| |||| 00| 0 eng d
100
_9
1581
_a
Sarna, C.S
245
_a
Textbook of Mathematics - XII
260
_a
New Delhi
_b
Arya Publication
_c
2005
999
_c
1307
_d
1307